Culture Générale : Astronomie - Statistiques

Statistiques générales
  • Ce quiz a été pris 1 093 fois
  • Le résultat moyen est 15 sur 20
Statistiques - réponses
Hint Réponse % Correct
Galaxie la plus proche de la nôtre Galaxie d'Andromède
90%
Notre satellite La Lune
89%
Température estimée dans le noyau du Soleil 15 millions de degrés
88%
Notre étoile mère Le Soleil
88%
Rétrogradée en tant que planète naine en 2006 Pluton
88%
Année de découverte de Pluton 1930
87%
De quelle année date la mission Apollo XI ? 1969
85%
Astronome à l'origine de la pensée héliocentriste Copernic
84%
Événement astronomique qui arrive en été et en hiver Solstice
82%
Quelle sonde spatiale,lancée au milieu des années 1980 a photographié la grande majorité des planètes de notre Système Solaire ? Voyager 2
79%
Nom donné à un amas de poussière et de gaz,une des plus plus célèbres est celle de la tête de cheval Nébuleuse
78%
4 principales lunes de Jupiter : Europe,Io,Ganymède et... Callisto
77%
Ce à quoi Mars doit sa teinte rouge Oxyde de Fer
77%
Événement astronomique qui arrive au printemps et en automne Équinoxe
69%
Entre Mars et Jupiter Ceinture d'astéroïdes principale
68%
Planète hypothétique qui se trouverait entre le Soleil et Mercure Vulcain
67%
Planète la plus froide du Système Solaire Uranus
65%
Le noyau terrestre est principalement composé de Fer et de... Nickel
64%
Gaz qui rend la planète Vénus strictement inhabitable Acide Sulfurique
55%
Uranus et Neptune lui doivent leur teinte bleutée Méthane
50%
Aucun quiz correspondant
Distribution des résultats
% des personnes avec chaque résultat
Percentile par nombre de réponses
Votre historique - résultats
Vous n’avez pas pris ce quiz